HIGHWAY LANDSCAPE PLANNING AND CONSTRUCTION / (Record no. 589741)
[ view plain ]
| 000 -LEADER | |
|---|---|
| fixed length control field | 00333nam a22001337a 4500 |
| 020 ## - INTERNATIONAL STANDARD BOOK NUMBER | |
| Qualifying information | PB. |
| 040 ## - CATALOGING SOURCE | |
| Transcribing agency | FIZZA ISHAQ |
| 082 ## - DEWEY DECIMAL CLASSIFICATION NUMBER | |
| Classification number | 625.7 |
| Author Mark | DEN |
| 100 ## - MAIN ENTRY--PERSONAL NAME | |
| Personal name | WEIDONG,DENG. |
| 9 (RLIN) | 91611 |
| 245 ## - TITLE STATEMENT | |
| Title | HIGHWAY LANDSCAPE PLANNING AND CONSTRUCTION / |
| Statement of responsibility, etc. | DENG WEIDONG. |
| 260 ## - PUBLICATION, DISTRIBUTION, ETC. | |
| Place of publication, distribution, etc. | S.K.KATARIA ; |
| Date of publication, distribution, etc. | 2019. |
| 300 ## - PHYSICAL DESCRIPTION | |
| Extent | 174 P. ; |
| 942 ## - ADDED ENTRY ELEMENTS (KOHA) | |
| Source of classification or shelving scheme | |
| Koha item type | Book |
| Withdrawn status | Lost status | Source of classification or shelving scheme | Damaged status | Not for loan | Permanent Location | Current Location | Date acquired | Full call number | Barcode | Date last seen | Copy number | Price effective from | Koha item type |
|---|---|---|---|---|---|---|---|---|---|---|---|---|---|
| NUST Baluchistan Campus (NBC) | NUST Baluchistan Campus (NBC) | 05/17/2022 | 625.7 WEI | Q-4126 | 05/17/2022 | 3 | 05/17/2022 | Book |
